000 00958nam a2200289Ia 4500
001 Para_8147
003 CHAP
008 220125s1906 xx 000 0 und d
010 _a207059
040 _cCHAP
082 _aPA-C 595.75 H4
100 _aForbes, S. A.
245 _aComparative experiment with various insecticides for the San José Scale /
_c by S.A. Forbes
260 _aUrbana, Ill. :
_b University of Illinois Agricultural Experiment Station
300 _a243-261 p.
440 _aHemiptera; 15
_9173479
500 _aEncuadernado con otros impresos similares
650 _a
_x Hemípteros
_x colecciones de escritos
_x Aspidiotus
_x Contros biológico de insectos
_9173505
710 _aIllinois. Agr. Exp. Sta. Bulletin; 107
_9173508
901 _aPA-C 595.75 H4
902 _aA
905 _a0000001906 0000000000 00
910 _a1906
942 _cPARA
942 _cPARA
_d1
999 _c207059
_d207059